| 000 | 00372nam a22001577a 4500 | ||
|---|---|---|---|
| 999 |
_c7902 _d7902 |
||
| 003 | OSt | ||
| 005 | 20200601121412.0 | ||
| 008 | 200601b ||||| |||| 00| 0 eng d | ||
| 020 | _a9789353065751 | ||
| 082 |
_a624.17 _bSAL |
||
| 100 | _a Salvadori, Mario | ||
| 245 | _aStructure in architecture | ||
| 250 | _a4th ed. | ||
| 260 |
_aIndia _bPearson India _c2019 |
||
| 942 | _2ddc | ||